00273ngm a2200121 a 450000100080000000500110000800800410001924500230006026000300008330000110011365000100012465000170013410266342025-08-13 2009 bl --- 0-- m #d aCAFE DE BREJETUBA. aBrejetuba, ES : PMBc2009 c1 DVD. aCafé aCafeicultura